000 00407nam a22001697a 4500
003 MPLRDC
005 20220104165333.0
008 210129b ||||| |||| 00| 0 eng d
020 _a1-870451-08-2
082 _a870.57 HUB v.2
100 _aL. RON HUBBARD
245 _aBLACK GENESIS. VOL 2
_c
260 _a
_bNEW ERA PUBLICATIONS UK LTD
_c
300 _b
650 _a
942 _cBK
_o870.57 HUB v.2
999 _c57406
_d57396